|
|
|
|
| LEADER |
00000nab#a22000007a#4500 |
| 001 |
arbauad029390 |
| 003 |
AR-BaUAD |
| 005 |
20250711112359.0 |
| 008 |
971128|||||||||###||||||b###|0###a|spa|| |
| 040 |
|
|
|a AR-BaUAD
|c AR-BaUAD
|b spa
|
| 100 |
|
|
|a Peña S., Moisés de la
|
| 245 |
|
|
|a Arte y tecnología electrónica :
|b un breve panorama documental /
|c Moisés de la Peña S.;
|
| 300 |
0 |
|
|b fot., il.
|
| 500 |
|
|
|a Artículo teórico sobre los equívocos que surgen con respecto al significado práctico de dos conceptos relacionados, Multimedia y Arte Digital.
|
| 653 |
|
|
|a DISEÑO GRAFICO
|
| 653 |
|
|
|a TECNOLOGIA
|
| 653 |
|
|
|a ARTE
|
| 653 |
|
|
|a TEORIA
|
| 653 |
|
|
|a MULTIMEDIA
|
| 653 |
|
|
|a COMUNICACION
|
| 653 |
|
|
|a DIGITALIZACION
|
| 653 |
|
|
|a INTERNET
|
| 653 |
|
|
|a CD ROMS
|
| 773 |
0 |
|
|t MATIZ
|g no. 2 [mayo 1997], p. 14-16
|
| 942 |
|
|
|c ARTI
|
| 952 |
|
|
|0 0
|1 0
|4 0
|7 0
|9 74309
|a AR-BAuAD
|b AR-BAuAD
|d 2025-07-11
|l 0
|p AAQA029390
|r 2025-07-11 11:23:59
|w 2025-07-11
|y ARTI
|
| 990 |
|
|
|a DG199
|b TD
|
| 998 |
|
|
|a AAQ
|b BIBUN76
|
| 999 |
|
|
|c 53982
|d 53982
|